000 00567nam a22001817a 4500
999 _c181672
_d181672
005 20210930122134.0
010 _aENG-129774
020 _c195.00
_a9788121613279
035 _aEN-113306
037 _bDBAD/PUB
082 _a181.4
100 _aChopra, Kiran
245 _aBlessings :
_cby Kiran Chopra
_bcome, let us follow the footprints of those who guided us to walk /
260 _aNew Delhi
_bMain Street
_c2009
270 _bNew Delhi
_aJ-40, Jorbagh Lane
_e110003
300 _a240p.
_c21cm (pbk)
_ephotoes
942 _2ddc
_cEN
_h181.4
_mCHO